000 00614nam a22002177a 4500
001 24118
003 BD-RjUL
005 20211209001018.0
008 140312t1971 b ao||| |||| 00| 0 eng d
035 _a(BD-RjUL)24184
040 _aBD-RjUL
_beng
_cBD-RjUL
041 _aeng
082 0 4 _a922.22
_bALS 1971
100 1 _a Ali, Syed murtaza
_974299
245 1 _aSaints of Bangladesh /
_cSyed murtaza Ali
260 _aBangladsh :
_boxford university press,
_cc1971
300 _a61 p. ;
_c23 cm.
504 _aincludes bibliography.
650 1 _a Muslim saints -- Bangladesh.
_974300
942 _2ddc
_cBK
999 _c24118
_d24118